| Поле | Инд. | ПП | Название | Значение |
|---|---|---|---|---|
| Тип записи | a | |||
| Библиографический уровень | a | |||
| 001 | Контрольный номер | RU/IS/BASE/262107722 | ||
| 005 | Дата корректировки | 20240112095714.0 | ||
| 084 | a | Индекс другой классификации/Индекс ББК | 84(2=411.2)6-44 | |
| 090 | 00 | a | Полочн. индекс | 83.3(2=411.2)я53 |
| x | Авторский знак | С 54 | ||
| 100 | 10 | a | Автор | Пришвин М. М. |
| q | Полное имя | Пришвин Михаил Михайлович | ||
| 245 | 00 | a | Заглавие | Силой первого взгляда |
| 650 | 04 | a | Основная рубрика | художественная литература |
| 653 | 00 | a | Ключевые слова | XX век |
| a | Ключевые слова | Россия | ||
| a | Ключевые слова | русская литература | ||
| 655 | a | Жанр/ форма (устаревшее) | проза | |
| 773 | 00 | d | Дата издания источника | Москва, 1984 |
| g | Прочая информация | Вып.5. - С. 297-3-1 | ||
| t | Заглавие источника | Собеседник | ||
| w | Контрольный № источника | RU/IS/BASE/102704956 | ||
| 901 | t | Тип документа | a |